Wszystkie części serii Assassin's creed wraz z dodatkami fabularnymi - Statystyki

Ogólne statystyki
  • Ten quiz został rozwiązany 58 razy
  • Średni wynik to 9 z 33
Statystyki odpowiedzi
Rok Odpowiedz % Poprawnych
2007 Assassin's creed
100%
2010 Assassin's creed Brotherhood
75%
2011 Assassin's creed Revelations
67%
2009 Assassin's creed II
61%
2012 Assassin's creed III
58%
2017 Assassin's creed Origins
56%
2015 Assassin's creed Syndicate
56%
2014 Assassin's creed Unity
56%
2018 Assassin's creed Odyssey
53%
2014 Assassin's creed Rogue
53%
2013 Assassin's creed IV Black Flag
50%
2020 Assassin's creed Valhalla
50%
2023 Assassin's creed Mirage
42%
2012 Assassin's creed Liberation
36%
2024 Assassin's creed Shadows
36%
2015 Kuba Rozpruwacz
11%
2021 Oblężenie Paryża
8%
2015 Dead Kings
6%
2013 Freedom Cry
6%
2019 Los Atlantydy
6%
2021 Gniew Druidów
3%
2018 The Hidden Ones
3%
2013 Tyrania Króla Waszyngtona
3%
2010 Bitwa o Forlì
0%
2018 Dziewictwo Pierwszego Ostrza
0%
2010 Ogniska Próżności
0%
2016 Ostatni Maharadża
0%
2011 Porwanie da Vinciego
0%
2010 Spisek Kopernika
0%
2015 Straszliwe Zbrodnie
0%
2022 Świt Ragnaröku
0%
2018 The Curse of The Pharaohs
0%
2012 Zaginione archiwum
0%
Nie znaleziono quizów pasujących do podanych kryteriów
Rozkład punktacji
Procent ludzi z każdym wynikiem
Percentyl według liczby udzielonych odpowiedzi
Twoja historia wyników
Nie rozwiązałeś tego quizu